[Event "Steyr Landesliga 1314"]
[Site "Austria"]
[Date "2013.11.23"]
[Round "4.6"]
[White "Schneeberger, Bernhard"]
[Black "Nuster, Erwin"]
[Result "0-1"]
[WhiteElo "1824"]
[BlackElo "2164"]
[PlyCount "64"]
[EventDate "2013.09.28"]
[EventType "team-tourn"]
[EventRounds "11"]
[EventCountry "AUT"]
[SourceTitle "EXT 2015"]
[Source "ChessBase"]
[SourceDate "2014.11.20"]
[SourceVersion "1"]
[SourceVersionDate "2014.11.20"]
[SourceQuality "1"]
[WhiteTeam "Trofaiach Niklasdorf"]
[BlackTeam "Feldbach Kirchberg"]
[WhiteTeamCountry "AUT"]
[BlackTeamCountry "AUT"]

1. d4 Nf6 2. c4 e6 3. Nc3 Bb4 4. Qc2 c5 5. dxc5 Bxc5 6. Nf3 b6 7. Bg5 Bb7 8. e3 Be7 9. Be2 0-0 10. 0-0 a6 11. Rfd1 d6 12. Rd2 Nbd7 13. Rad1 Qc7 14. Bf4 e5 15. Bg3 Rac8 16. Qb3 Nc5 17. Qa3 Nce4 18. Nxe4 Nxe4 19. Rc2 Kh8 20. b3 f5 21. Qb2 Bf6 22. h3 f4 23. Bh2 fxe3 24. fxe3 g6 25. Nd2 Qc5 26. Nf1 Bg5 27. Bf3 Bxe3+ 28. Nxe3 Qxe3+ 29. Kh1 Rxf3 30. Bxe5+ dxe5 31. Qxe5+ Nf6 32. Rb2 Rxh3+ 0-1